[Event "Berlin-ch qualification"]
[Site "Berlin-Lichtenrade"]
[Date "2011.04.25"]
[Round "3.19"]
[White "Koischwitz, Wanja"]
[Black "Walter, Guenter"]
[Result "0-1"]
[WhiteElo "1792"]
[BlackElo "1994"]
[PlyCount "116"]
[EventDate "2011.04.23"]
[EventType "swiss"]
[EventRounds "9"]
[EventCountry "GER"]
[SourceTitle "EXT 2022"]
[Source "ChessBase"]
[SourceDate "2021.10.06"]
[SourceVersion "1"]
[SourceVersionDate "2021.10.06"]
[SourceQuality "1"]

1. d4 Nf6 2. Nf3 c6 3. e3 d5 4. Bd3 Bg4 5. 0-0 g6 6. h3 Bxf3 7. Qxf3 Bg7 8. c4 e6 9. Nc3 0-0 10. b3 Re8 11. Bb2 Nbd7 12. Na4 dxc4 13. bxc4 Qa5 14. Nc3 Rad8 15. Be4 Qb4 16. Qe2 e5 17. a3 Qe7 18. d5 Nxe4 19. Nxe4 cxd5 20. cxd5 f5 21. d6 Qh4 22. Nd2 Nb6 23. Nf3 Qc4 24. Qd2 Qd5 25. Qe2 Rxd6 26. Rac1 Qd3 27. Qe1 Qb3 28. Rb1 Qa4 29. Bc3 h6 30. Bb4 Rd7 31. Qe2 Kh7 32. Rfc1 Rc8 33. Bc5 Nd5 34. Rc4 Qa6 35. Rbc1 b6 36. Ng5+ hxg5 37. Rh4+ gxh4 38. Qxa6 Rxc5 39. Rxc5 bxc5 40. Qc6 Nb6 41. Qxc5 Rd1+ 42. Kh2 e4 43. Qc7 Rd7 44. Qf4 Bf6 45. Qb8 Be7 46. Qe8 Bxa3 47. g4 Bd6+ 48. Kg2 Re7 49. Qd8 Bb4 50. Qd4 Ba3 51. Qf6 fxg4 52. Qxh4+ Kg7 53. Qxg4 Nd5 54. Qd1 Nf6 55. Qa1 Bb4 56. Qd4 a5 57. Kg3 Rd7 58. Qe5 Bd6 0-1

[Event "Berlin-ch Seniors op 27th"]
[Site "Berlin"]
[Date "2011.02.01"]
[Round "4"]
[White "Walter, Guenter"]
[Black "Strehlow, Horst"]
[Result "0-1"]
[WhiteElo "1839"]
[BlackElo "1910"]
[PlyCount "47"]
[EventDate "2011.01.29"]
[EventType "swiss"]
[EventRounds "9"]
[EventCountry "GER"]
[SourceTitle "EXT 2012"]
[Source "ChessBase"]
[SourceDate "2011.11.24"]
[SourceVersion "1"]
[SourceVersionDate "2011.11.24"]
[SourceQuality "1"]

1. a3 d5 2. d4 Nf6 3. Bf4 c6 4. Nd2 g6 5. e3 Bg7 6. Be2 0-0 7. h4 h5 8. Ngf3 Bg4 9. Ne5 Bxe2 10. Qxe2 Nbd7 11. f3 c5 12. c3 cxd4 13. exd4 Qb6 14. Nf1 Qe6 15. Nd3 Qxe2+ 16. Kxe2 Rac8 17. Re1 Rc6 18. Ne3 Rfc8 19. Rhg1 a5 20. g4 hxg4 21. Nxg4 Nh5 22. Nge5 Nxe5 23. Bxe5 Bf8 24. Bh2 0-1

[Event "Berlin-ch Seniors op 27th"]
[Site "Berlin"]
[Date "2011.01.31"]
[Round "3"]
[White "Vidic, Dobrivoje"]
[Black "Walter, Guenter"]
[Result "0-1"]
[WhiteElo "1684"]
[BlackElo "1839"]
[PlyCount "102"]
[EventDate "2011.01.29"]
[EventType "swiss"]
[EventRounds "9"]
[EventCountry "GER"]
[SourceTitle "EXT 2012"]
[Source "ChessBase"]
[SourceDate "2011.11.24"]
[SourceVersion "1"]
[SourceVersionDate "2011.11.24"]
[SourceQuality "1"]

1. d4 Nf6 2. c4 e6 3. Nc3 c5 4. d5 exd5 5. cxd5 Bd6 6. e4 Be5 7. Bd3 a6 8. Bg5 h6 9. Bd2 d6 10. Nf3 Bg4 11. h3 Bxf3 12. Qxf3 b5 13. a3 Nbd7 14. Qe2 0-0 15. 0-0 Re8 16. Kh1 c4 17. Bc2 Qc7 18. Be3 Nc5 19. f3 Nh5 20. Kg1 Ng3 21. Qf2 Nxf1 22. Rxf1 Rac8 23. Bb1 Qe7 24. Nd1 g5 25. Qd2 Nb3 26. Qc2 Qf6 27. Rf2 Nd4 28. Qd2 Nb3 29. Qc2 Nc5 30. Nc3 Nd3 31. Rf1 Bd4 32. Bxd4 Qxd4+ 33. Kh2 Qe5+ 34. g3 Rb8 35. Qg2 b4 36. f4 Qg7 37. axb4 Rxb4 38. Bxd3 cxd3 39. fxg5 Qxg5 40. Qf2 Re7 41. h4 Qg7 42. Rd1 Qd4 43. Qg2 Reb7 44. Rd2 Qe3 45. Kh3 h5 46. Kh2 Qxd2 47. Qxd2 Rxb2 48. Qg2 Rxg2+ 49. Kxg2 Rc7 50. Nd1 Kg7 51. Kf3 a5 0-1

[Event "GER-chT Seniors 19th"]
[Site "Eckernfoerde"]
[Date "2010.09.19"]
[Round "7.1"]
[White "Walter, Guenter"]
[Black "Werner, Clemens"]
[Result "0-1"]
[WhiteElo "2181"]
[BlackElo "2338"]
[PlyCount "70"]
[EventDate "2010.09.13"]
[EventType "team-swiss"]
[EventRounds "7"]
[EventCountry "GER"]
[SourceTitle "EXT 2011"]
[Source "ChessBase"]
[SourceDate "2010.11.26"]
[SourceVersion "1"]
[SourceVersionDate "2010.11.26"]
[SourceQuality "1"]
[WhiteTeam "Brandenburg"]
[BlackTeam "Baden"]
[WhiteTeamCountry "GER"]
[BlackTeamCountry "GER"]

1. e4 c6 2. Nc3 d5 3. Nf3 Bg4 4. h3 Bxf3 5. Qxf3 e6 6. d3 Nf6 7. Bd2 Bb4 8. a3 Bd6 9. d4 Be7 10. e5 Nfd7 11. Qg3 g6 12. Nd1 c5 13. c3 Nc6 14. Qd3 Rc8 15. b4 cxd4 16. cxd4 0-0 17. Be2 Qb6 18. Be3 Bxb4+ 19. Kf1 Be7 20. Rb1 Qc7 21. Bh6 Rfe8 22. h4 f5 23. exf6 Bxf6 24. h5 g5 25. Qd2 Nxd4 26. Bd3 Nc5 27. Bxg5 Ndb3 28. Qc2 Bxg5 29. Rxb3 Nxb3 30. Qxb3 Rf8 31. g3 Kh8 32. Kg2 Qb6 33. Qa2 Qd4 34. Qb1 Rc1 35. Qb4 Qxb4 0-1

[Event "GER-ch Seniors 22nd"]
[Site "Berlin"]
[Date "2010.08.24"]
[Round "9"]
[White "Dushatskiy, Fedor"]
[Black "Walter, Guenter"]
[Result "1/2-1/2"]
[WhiteElo "2097"]
[BlackElo "2184"]
[PlyCount "121"]
[EventDate "2010.08.16"]
[EventType "swiss"]
[EventRounds "9"]
[EventCountry "GER"]
[SourceTitle "CBM 138 Extra"]
[Source "ChessBase"]
[SourceDate "2010.10.29"]
[SourceVersion "1"]
[SourceVersionDate "2010.10.29"]
[SourceQuality "1"]

1. d4 Nf6 2. Nf3 e6 3. c4 Bb4+ 4. Nc3 c5 5. a3 Bxc3+ 6. bxc3 0-0 7. Qc2 d6 8. Bg5 h6 9. Bh4 Nbd7 10. e3 e5 11. Be2 b6 12. Nd2 Bb7 13. d5 Qe7 14. e4 Rfe8 15. Nf1 Nf8 16. Ne3 Bc8 17. Bg4 Ng6 18. Bxc8 Raxc8 19. Nf5 Qd8 20. Bxf6 Qxf6 21. g3 Ne7 22. Ne3 Qf3 23. 0-0 Rf8 24. Rae1 f5 25. exf5 Nxf5 26. Qe2 Ne7 27. a4 Rf7 28. Qxf3 Rxf3 29. a5 bxa5 30. Ra1 Rc7 31. Rxa5 Nc8 32. Ra6 Nb6 33. Kg2 Rff7 34. f4 exf4 35. Rxf4 g6 36. Kf3 Rce7 37. h4 h5 38. Rxf7 Kxf7 39. Kf4 Kg7 40. Ra2 Rb7 41. Ra6 Rf7+ 42. Ke4 Re7+ 43. Kf4 Kf7 44. Ra2 Kf6 45. Ra6 Kf7 46. Ra2 Ke8 47. Ra6 Kd8 48. Ra2 a5 49. g4 hxg4 50. Nxg4 Nxc4 51. Kg5 Nb6 52. Nf6 Nxd5 53. Nxd5 Re5+ 54. Kxg6 Rxd5 55. h5 Rd3 56. h6 Rg3+ 57. Kf7 Rh3 58. Kg7 Rg3+ 59. Kf7 Rh3 60. Kg7 Rg3+ 61. Kf7 1/2-1/2

[Event "GER-ch Seniors 22nd"]
[Site "Berlin"]
[Date "2010.08.23"]
[Round "8"]
[White "Walter, Guenter"]
[Black "Werner, Clemens"]
[Result "0-1"]
[WhiteElo "2184"]
[BlackElo "2308"]
[PlyCount "96"]
[EventDate "2010.08.16"]
[EventType "swiss"]
[EventRounds "9"]
[EventCountry "GER"]
[SourceTitle "CBM 138 Extra"]
[Source "ChessBase"]
[SourceDate "2010.10.29"]
[SourceVersion "1"]
[SourceVersionDate "2010.10.29"]
[SourceQuality "1"]

1. e4 c6 2. d4 d5 3. e5 Bf5 4. Nf3 e6 5. Nbd2 Nd7 6. Nb3 Ne7 7. Be3 Bg4 8. Be2 Nf5 9. Bf4 Be7 10. h3 Bxf3 11. Bxf3 Nh4 12. Bg3 Nxf3+ 13. Qxf3 0-0 14. 0-0 Rc8 15. Qe2 c5 16. dxc5 Nxc5 17. Nxc5 Bxc5 18. Rfd1 Qe7 19. Rd3 Rc6 20. Rad1 Bb6 21. c3 Rfc8 22. Kh2 Rc4 23. f4 Re4 24. Qf3 g6 25. R1d2 f5 26. exf6 Qxf6 27. b3 Bc7 28. c4 Qf5 29. cxd5 Rxf4 30. Bxf4 Bxf4+ 31. g3 Bxd2 32. Qxf5 gxf5 33. Rxd2 Rd8 34. d6 Kf7 35. g4 f4 36. Kg2 e5 37. h4 Ke6 38. h5 Rxd6 39. Rc2 Rc6 40. Rd2 e4 41. Rd8 Rc2+ 42. Kf1 f3 43. g5 Rg2 44. Rg8 Kf5 45. Rg7 Rxg5 46. Rxh7 Kf4 47. h6 Rh5 48. Kg1 Ke3 0-1

[Event "GER-ch Seniors 22nd"]
[Site "Berlin"]
[Date "2010.08.19"]
[Round "4"]
[White "Khodjabagyan, Seyran"]
[Black "Walter, Guenter"]
[Result "0-1"]
[WhiteElo "2029"]
[BlackElo "2184"]
[PlyCount "70"]
[EventDate "2010.08.16"]
[EventType "swiss"]
[EventRounds "9"]
[EventCountry "GER"]
[SourceTitle "CBM 138 Extra"]
[Source "ChessBase"]
[SourceDate "2010.10.29"]
[SourceVersion "1"]
[SourceVersionDate "2010.10.29"]
[SourceQuality "1"]

1. e4 c5 2. Nf3 d6 3. Bc4 e6 4. 0-0 a6 5. c3 Nf6 6. Qe2 Be7 7. d4 Nxe4 8. Qxe4 d5 9. Qg4 dxc4 10. dxc5 0-0 11. Qxc4 Bd7 12. Bf4 Bb5 13. Qb3 Bxf1 14. Kxf1 Nd7 15. c6 bxc6 16. Nbd2 Nc5 17. Qc4 Qd3+ 18. Kg1 Rfd8 19. Ne5 Qd5 20. Qxd5 cxd5 21. Nc6 Bd6 22. Bg5 Rdc8 23. Ne7+ Bxe7 24. Bxe7 Na4 25. Ba3 Nb6 26. Rd1 Nc4 27. Nxc4 dxc4 28. Rd4 Rd8 29. Bd6 Rac8 30. Kf1 Rc6 31. Be5 Rxd4 32. Bxd4 e5 33. Bxe5 Rb6 34. a4 Rxb2 35. a5 Ra2 0-1

[Event "Berlin Lichtenberger op 9th"]
[Site "Berlin"]
[Date "2010.08.13"]
[Round "7"]
[White "Peters, Henning"]
[Black "Walter, Guenter"]
[Result "1/2-1/2"]
[WhiteElo "1740"]
[BlackElo "2017"]
[PlyCount "39"]
[EventDate "2010.08.07"]
[EventType "swiss"]
[EventRounds "9"]
[EventCountry "GER"]
[SourceTitle "CBM 137 Extra"]
[Source "ChessBase"]
[SourceDate "2010.09.01"]
[SourceVersion "1"]
[SourceVersionDate "2010.09.01"]
[SourceQuality "1"]

1. e4 e5 2. Nf3 Nc6 3. d4 exd4 4. Nxd4 Bc5 5. Nb3 Bb6 6. a4 a6 7. Nc3 d6 8. Be2 Qh4 9. 0-0 Nf6 10. a5 Ba7 11. Ra4 Ne5 12. Nd4 Bxd4 13. Rxd4 0-0 14. f4 Nc6 15. Rd3 Re8 16. Bf3 Bg4 17. Nd5 Bxf3 18. Rdxf3 Nxd5 19. Qxd5 Qe7 20. Re1 1/2-1/2